000 00803nam1a2200253 i 4500
001 RU\NLR\BIBL_A\011468965
005 20260406105116.0
035 _a(NLR Aleph) 011468965
090 _a11844608
_c11844608
100 _a20170904g20179999um y0rusy50 ca
101 0 _arus
102 _aRU
105 _a||||z||||||||
200 1 _aНа листе бумаги
_eстатьи, письма, дневники
_fТерентiй Травнiкъ
210 _aМосква
_cСлово
_cSvetezъ
_d2017
215 _d21
686 2 _aШ6(2=Р)8-47
700 1 _8rus
_7ca
_aТравник
_bТ.
_f1964-
_gТерентий
_3RU\NLR\AUTH\77100176
_983102
852 _aNLR
_j2017-3/24601
942 _cBOOK
980 _aNBR